| 000 | 00665nam a2200181 a 4500 | ||
|---|---|---|---|
| 001 | 000041438 | ||
| 005 | 20201002034905.0 | ||
| 008 | 131004s1980 pr ac 000 0 spa d | ||
| 020 | _a8449913756 | ||
| 040 |
_aDO-SdBNP _bspa _cBNPHU |
||
| 082 |
_axxx _bC198c |
||
| 100 | 1 |
_aCaso, Fernado H. _968111 |
|
| 245 | 1 | 0 |
_aHéctor Campos Parsi en la historia de la música puertorriqueña del siglo XX / _cFernando H. Caso. |
| 260 |
_aSan Juan, Puerto Rico : _bInstituto de Cultura Puertorriqueña, _c1980. |
||
| 300 |
_a156 p : _bil., retrs. ; _c24 cm. |
||
| 500 | _aIncluye referencias bibliográficas y notas al pie de la páginas. | ||
| 504 | _aBibliografía: p. 153-156. | ||
| 999 |
_c40928 _d40928 |
||